000 00860nam a2200265Ia 4500
003 OSt
005 20220930090513.0
006 a|||||r|||| 00| 0
007 ta
008 220926b |||||||| |||| 00| 0 eng d
024 _a117379
037 _cTheses
040 _aCRL
_cCRL
_beng
041 _2eng
_aeng
100 _aRakesh Kumar
_9305956
110 _aUniversity of Delhi. Faculty of Medical Sciences. Department of Biomedicine
245 0 _aRole of transcription factors AP-1 and NF-kB in breast carcinogenesis
260 _c2011
650 _aBIOCHEMISTRY
700 _a Prof. B. C. Das Gu.
700 _a Prof. M. M. Chaturvedi Gu.
700 _aUniversity of Delhi. Faculty of Medical Sciences. Department of Biomedicine
942 _cDIS
_2CC
999 _c880654
_d880654